000 00497nam a2200181Ia 4500
001 19667
005 20260306172709.0
008 260306t2001||||xx |||||||||||||| ||spa||
041 _aESP
082 _a341
_bA39
100 _aAlexy, Robert [1945-...]
_eAUT
245 0 _aLa pretensión de corrección del derecho:
_bla polémica sobre la relación entre derecho y moral
260 _c2001
300 _a124 páginas :
_c14 cm.
650 _aGEN
654 _aCDE
942 _cLIB
_dJUS
_fJUS
_2ddc
_n
999 _c19667
_d19667